Southville International School and Colleges
Your cart is empty.
  • Cart
  • Lists
    Public lists Eva Luna New books Lux_list list_1
    Your lists Log in to create your own lists
  • Log in to your account
  • Your cookies
  • Search history
Southville International School and Colleges
  • Advanced search
  • Recent comments
  • Most popular
  • Libraries

Log in to your account

Log in with GOOGLE


If you do not have an external account, but do have a local account, you can still log in:

  1. Home
  2. MARC view: 1,2,3 /
Normal view MARC view ISBD view

1,2,3 / (Record no. 111773)

[ view plain ]
MARC details
000 -LEADER
fixed length control field 00666nam a2200193 a 4500
001 - CONTROL NUMBER
control field 2143
005 - DATE AND TIME OF LATEST TRANSACTION
control field 20140414131921.0
008 - FIXED-LENGTH DATA ELEMENTS--GENERAL INFORMATION
fixed length control field 001220s19uu xx 00 eng d
050 ## - LIBRARY OF CONGRESS CALL NUMBER
Classification number ER
Item number On2 1991
100 ## - MAIN ENTRY--PERSONAL NAME
Personal name Yoshi
245 ## - TITLE STATEMENT
Title 1,2,3 /
Statement of responsibility, etc Yoshi.
260 ## - PUBLICATION, DISTRIBUTION, ETC. (IMPRINT)
Place of publication, distribution, etc Saxonville, MA :
Name of publisher, distributor, etc Picture Book Studio,
Date of publication, distribution, etc 1991.
300 ## - PHYSICAL DESCRIPTION
Extent p. : ill. ; cm.
520 ## - SUMMARY, ETC.
Summary, etc A cumulative counting tale in which one inchworm precipitates busy activity among an increasing number of animals. Hidden in each picture is a numeral, diguised among the shapes of the natural world.
650 ## - SUBJECT ADDED ENTRY--TOPICAL TERM
Topical term or geographic name as entry element Animals
General subdivision Fiction.
650 ## - SUBJECT ADDED ENTRY--TOPICAL TERM
Topical term or geographic name as entry element Counting.
650 ## - SUBJECT ADDED ENTRY--TOPICAL TERM
Topical term or geographic name as entry element Picture puzzles.
Holdings
Withdrawn status Lost status Damaged status Use restrictions Home library Current library Shelving location Date acquired Source of acquisition Total Checkouts Full call number Barcode Date last seen Price effective from Koha item type
        Munich Library Munich Library Easy Reading Section 05/26/2005     ER On2 1991 M2666 04/14/2014 04/14/2014 Books

1,2,3 /

APA

Yoshi, . (1991). 1,2,3. Saxonville, MA: Picture Book Studio.

Chicago

Yoshi, . 1991. 1,2,3. Saxonville, MA: Picture Book Studio.

Harvard

Yoshi, . (1991). 1,2,3. Saxonville, MA: Picture Book Studio.

MLA

Yoshi, . 1,2,3. Saxonville, MA: Picture Book Studio. 1991.

  • Place hold
  • Print
  • Cite
  • Add to your cart (remove)
  • Save record
    BIBTEX Dublin Core MARCXML MARC (non-Unicode/MARC-8) MARC (Unicode/UTF-8) MARC (Unicode/UTF-8, Standard) MODS (XML) RIS
  • More searches
    Search for this title in:
    Other Libraries (WorldCat) Other Databases (Google Scholar) Online Stores (Bookfinder.com) Open Library (openlibrary.org)

Exporting to Dublin Core...

SOUTHVILLE LIBRARY

Southville International School and Colleges Library

1281 Tropical Ave. Cor. Luxembourg St., BF Homes International, Las Pinas City

Tel. No. 8256374 / 252358 Loc. 117/146

Powered by Koha